000 01349njm a22002897a 4500
005 20100907123231.0
007 sd ammalaaahaa
008 100904t xxu||||| |||| 00| 0 hin d
028 _aN. 54049
_bHis Master's Voice
028 _aOJE. 19312
_bHis Master's Voice
028 _aOJE. 19313
_bHis Master's Voice
035 _aGR-647
040 _aSED/VEN
100 _aKalyanpur, Suman
_91184
245 _aSakhi Robin; Part-1
_bHindustani /
_cby Suman Kalyanpur; Music Dtn.by Robin; Lyric by Yogesh
_h[Sound Recording] :
246 _aसखी रोबिन (सुमन कल्यानपुर)
260 _aDum Dum, India :
_bHis Master's Voice
300 _a1 sound disc [Gramophone Recording] :
_banalog, 33 1/3 rpm ;
_c10 in.
_fGramophone Records
500 _aBrief Records
505 _aSong Side-1; अर्ररर पायल मोरी (सखी रोबिन)(सुमन कल्यानपुर): Song Side-2; तुम जो आवो तो प्यार आजाये (सुमन कल्यानपुरऔर मन्ना डे) Part-2
650 _aClassical Music
_xExcerpts
_zIndia
_918309
700 _918319
_aDey, Manna
700 _918320
700 _918717
942 _2ddc
_cGR
999 _c44218
_d44218